Statistics for County-Level Divisions of Beijing, Tianjin, and Shanghai

Click here to take the quiz!

General Stats

  • This quiz has been taken 42 times
  • The average score is 35 of 48

Answer Stats

Prefecture-level City 地級市Answer% Correct
Beijing 北京Daxing 大興
91%
Beijing 北京Haidian 海淀
88%
Shanghai 上海Xuhui 徐匯
88%
Shanghai 上海Chongming 崇明
85%
Beijing 北京Shijingshan 石景山
85%
Beijing 北京Chaoyang 朝陽
82%
Beijing 北京Dongcheng 東城
82%
Shanghai 上海Jing'An 靜安
82%
Beijing 北京Xicheng 西城
82%
Shanghai 上海Huangpu 黃浦
79%
Shanghai 上海Jinshan 金山
79%
Shanghai 上海Minhang 閔行
79%
Beijing 北京Miyun 密雲
79%
Shanghai 上海Songjiang 松江
79%
Shanghai 上海Baoshan 寶山
76%
Beijing 北京Fangshan 房山
76%
Shanghai 上海Hongkou 虹口
76%
Shanghai 上海Jiading 嘉定
76%
Shanghai 上海Qingpu 青浦
76%
Shanghai 上海Changning 長寧
73%
Beijing 北京Changping 昌平
73%
Beijing 北京Fengtai 豐台
73%
Tianjin 天津Hedong 河東
73%
Tianjin 天津Hexi 河西
73%
Tianjin 天津Jizhou 薊州
73%
Beijing 北京Mentougou 門頭溝
73%
Tianjin 天津Ninghe 寧河
73%
Shanghai 上海Putuo 普陀
73%
Beijing 北京Shunyi 順義
73%
Tianjin 天津Xiqing 西青
73%
Shanghai 上海Yangpu 楊浦
73%
Beijing 北京Yanqing 延慶
73%
Shanghai 上海Fengxian 奉賢
70%
Tianjin 天津Heping 和平
70%
Beijing 北京Huairou 懷柔
70%
Tianjin 天津Jinghai 靜海
70%
Beijing 北京Pinggu 平谷
70%
Beijing 北京Tongzhou 通州
70%
Tianjin 天津Dongli 東麗
67%
Tianjin 天津Hongqiao 紅橋
67%
Tianjin 天津Nankai 南開
67%
Shanghai 上海Pudong New Area 浦東新區
67%
Tianjin 天津Wuqing 武清
67%
Tianjin 天津Hebei 河北
64%
Tianjin 天津Jinnan 津南
64%
Tianjin 天津Beichen 北辰
61%
Tianjin 天津Binhai New Area 濱海新區
61%
Tianjin 天津Baodi 寶坻
58%

Score Distribution

Percentile by Number Answered

Percent of People with Each Score

Your Score History

You have not taken this quiz